000 00551nam a22002177a 4500
003 UA-OsUOA
001 72150
007 ta
008 20101228b un ||||| |||| 00| 0 ukr d
100 _aСулима Л.
090 _a94(477)
_bС89
942 _cSA
040 _aUA-OsUOA
_bukr
_cUA-OsUOA
_dUA-OsUOA
245 _aСічовики - побратими мушкетерів
300 _aС.8
955 _a0
041 _aukr
080 _a94(477)
773 0 _w72149
650 7 _a9 Географія. Біографії. Історія
_2UDC
999 _c358433
_d358433